The American Revolution 100 : the people, battles, and events of the American war for independence, ranked by their significance /

Furnishes a ranking of the one hundred most important battles, events, people, military heroes, and political leaders that played a role in the American Revolution.

Bibliographic Details
Main Author: Lanning, Michael Lee
Format: Book
Language:English
Published: Naperville, Ill. : Sourcebooks, [2009]
Subjects:

MARC

Tag First Indicator Second Indicator Subfields
LEADER 00000cam a2200000Ia 4500
001 in00003582467
005 20170928132942.0
008 090416s2009 iluab b 001 0deng d
020 |a 9781402221156 
020 |a 1402221150 
035 |a (OCoLC)ocn318874670 
035 |a (OCoLC)318874670 
040 |a BTCTA  |b eng  |c BTCTA  |d BKL  |d IK2  |d BDX  |d OCLCF  |d OCL  |d TXA  |d UtOrBLW 
049 |a TXAM 
050 1 4 |a E209  |b .L36 2009 
082 0 4 |a 973.3  |2 22 
100 1 |a Lanning, Michael Lee.  |0 http://id.loc.gov/authorities/names/n92032461 
245 1 4 |a The American Revolution 100 :  |b the people, battles, and events of the American war for independence, ranked by their significance /  |c Michael Lee Lanning. 
246 3 |a American Revolution one hundred 
246 3 |a American Revolution hundred 
264 1 |a Naperville, Ill. :  |b Sourcebooks,  |c [2009] 
264 4 |c ©2009 
300 |a 373 pages :  |b illustrations, maps ;  |c 23 cm. 
336 |a text  |b txt  |2 rdacontent 
337 |a unmediated  |b n  |2 rdamedia 
338 |a volume  |b nc  |2 rdacarrier 
504 |a Includes bibliographical references (pages [350]-358) and index. 
520 |a Furnishes a ranking of the one hundred most important battles, events, people, military heroes, and political leaders that played a role in the American Revolution. 
541 0 |a Donated by Michael Lee Lanning and Linda Moore-Lanning  |d 20150414 
651 0 |a United States  |x History  |y Revolution, 1775-1783  |v Handbooks, manuals, etc. 
651 7 |a United States  |x History  |y 1775-1783, Revolution.  |2 sears 
611 2 7 |a American Revolution (1775-1783)  |2 fast  |0 (OCoLC)fst01351668 
651 7 |a United States.  |2 fast  |0 (OCoLC)fst01204155 
648 7 |a 1775-1783  |2 fast 
655 7 |a Handbooks and manuals.  |2 fast  |0 (OCoLC)fst01423877 
655 7 |a History.  |2 fast  |0 (OCoLC)fst01411628 
938 |a Baker and Taylor  |b BTCP  |n BK0008318027 
938 |a Brodart  |b BROD  |n 09962506  |c $16.99 
948 |a cataloged  |b h  |c 2015/8/24  |d c  |e ljohnson  |f 11:51:58 am 
994 |a C0  |b TXA 
999 f f |s 8532c591-911e-389d-8b4d-061559f21c67  |i f3328a19-93bf-36c4-b466-b7fa15ac89d8  |t 0 
952 f f |p noncirc  |a Texas A&M University  |b College Station  |c Cushing Memorial Library & Archives  |d Cushing: Ragan Military (Does not check out)  |t 0  |e E209 .L36 2009  |h Library of Congress classification  |i unmediated -- volume 
998 f f |a E209 .L36 2009  |t 0  |l Cushing: Ragan Military (Does not check out)